000
00297nam a22001217a 4500
082
_a
894.812
_b
BAL/U
100
_a
K.BALAKRISHNAKURUPPU
245
_a
UPANYASANGAL
260
_a
CHANGANACHERRY
_b
ASSISSI PRINTING & PUBLISHING HOUSE
300
_a
66
650
_a
MALAYALAM ESSAYS
_z
KERALA
942
_c
BK
999
_c
1055
_d
1055